| 000 | 00463nam a22001817a 4500 | ||
|---|---|---|---|
| 003 | OSt | ||
| 008 | 230325b |||||||| |||| 00| 0 eng d | ||
| 020 | _a9789353069858 | ||
| 082 | _a332.1 HUM | ||
| 100 | _aHUBBARD,R Glenn | ||
| 245 | _aMoney Banking and the Financial System | ||
| 250 | _a2nd Ed | ||
| 260 |
_aUP _bPearson _c2019 |
||
| 300 | _a652 | ||
| 650 | _aMoney Banking and the Financial System | ||
| 700 | _aOBRIEN,Anthony patrick | ||
| 942 |
_2ddc _cREF |
||
| 999 |
_c11892 _d11892 |
||